000 00582nam a2200229Ia 4500
003 OSt
005 20221007065009.0
006 a|||||r|||| 00| 0
007 ta
008 221006b |||||||| |||| 00| 0 eng d
024 _a16,415
037 _cTextual
040 _aFLL
_cFLL
_beng
041 _2eng
_aeng
082 _aX9, L4
100 _aRoy S.K. Au.
_9686524
245 0 _aCorporate images in India
260 _aDelhi
_bShri Ram Centre India
_c1974
300 _axvi,343p
_ccm.
942 _hX9, L4
_cTEXL
_2CC
999 _c1135979
_d1135979